000 00554nam a2200205Ia 4500
005 20250508170008.0
008 008 250505s9999 xx 000 0 eng d
020 _a978-93-86262-67-7
037 _aTextBook
040 _aFEDL
_beng
_cFEDL
041 _aeng
_2eng
084 _a320.7, ARO/R
_qFEDL
100 _aArora Pankaj
245 0 _aPedagogy of political science
260 _aDelhi, India
_bShipra Publications
_c2018
300 _axiii, 150p.
365 _aINR
_b2
942 _cTB
_h320.7, ARO/R
999 _c1398585
_d1398585